000 01352nam0a22003011 4500
001 rc\4356942
005 20260407071814.0
021 _aRU
_b[58-23360]
035 _a(NLR Aleph) 008281292
090 _a8518037
_c8518037
100 _a20130416d1958 |||y0rusy50 ca
101 0 _arus
102 _aRU
105 _ac c |||||
200 1 _aАлексей Николаевич Арбузов
_eУказатель литературы
_fПод ред. Н.Я. Морачевского
_gМ-во культуры РСФСР. Гос. ордена Труд. Красного Знамени публичная б-ка им. М.Е. Салтыкова-Щедрина
210 _aЛенинград
_cБ. и.
_d1958
215 _a38 с.
_cпортр.
_d20
300 _aНа обл. авт. не указан
700 1 _7ca
_8rus
_aЖилина
_bЕ. Н.
_f1906-1964
_gЕкатерина Николаевна
_9215155
_3RU\NLR\AUTH\770215211
702 1 _aАрбузов
_bА.Н.
_gАлексей Николаевич
_4570
702 1 _aМорачевский
_bН.Я.
_4340
712 0 2 _aПубличная библиотека им. М. Е. Салтыкова-Щедрина
_cЛенинград
_3RU\NLR\AUTH\88594
_9272032
801 0 _aRU
_bNLR
_gpsbo
801 1 _aRU
_bELAR
_2rusmarc
852 _aNLR
_j641/А79
942 _cBOOK
980 _aNB